A Hatósági Képzések hatékonysága és fejlesztési lehetőségei a BKF Fenntartó KFT. – Budapest Institute of Banking-nál

Bibliographic Details
Main Author: Sári Leila
Other Authors: Sólyom Dr. Andrea
Format: Thesis
Kulcsszavak:fejlesztés(ek)
felnőttképzés
hallgatók
hatékonyság
oktatás
Online Access:http://dolgozattar.uni-bge.hu/59586

MARC

LEADER 00000nta a2200000 i 4500
001 dolg59586
005 20260409145251.0
008 260409suuuu hu om 000 hun d
040 |a BGE Dolgozattár Repozitórium  |b hun 
041 |a hu 
100 1 |a Sári Leila 
245 1 2 |a A Hatósági Képzések hatékonysága és fejlesztési lehetőségei a BKF Fenntartó KFT. – Budapest Institute of Banking-nál  |c Sári Leila  |h [elektronikus dokumentum] 
520 3 |a A BKF Fenntartó KFT. – Budapest Institute of Banking-nál eltöltött szakmai gyakorlatom során szerzett tapasztalatokra alapozva vizsgáltam meg a hatósági képzések hatékonyságát oktatásszervezői és hallgatói oldalról. A téma aktualitása abban merül ki, hogy a hatósági képzések kulcsszerepet töltenek be a pénzügyi közvetítőrendszerben dolgozók szakmai felkészítésében, ezáltal közvetetten hozzájárulnak a pénzügyi tudatosság növeléséhez és a közszolgáltatások színvonalának növeléséhez is. A kutatásomhoz kérdőíves megkérdezést alkalmaztam, és a hallgatók visszajelzéseire alapoztam a javaslatok megfogalmazását. 
695 |a fejlesztés(ek) 
695 |a felnőttképzés 
695 |a hallgatók 
695 |a hatékonyság 
695 |a oktatás 
700 1 |a Sólyom Dr. Andrea  |e ths 
856 4 0 |u http://dolgozattar.uni-bge.hu/59586/1/Sari_Leila_Szakdolgozat.pdf  |z Dokumentum-elérés 
856 4 0 |u http://dolgozattar.uni-bge.hu/59586/2/S%C3%A1ri%20Leila_k.pdf  |z Dokumentum-elérés 
856 4 0 |u http://dolgozattar.uni-bge.hu/59586/3/S%C3%A1ri%20Leila_b.pdf  |z Dokumentum-elérés